Arabic countries by capital - Statistics

General Stats
  • This quiz has been taken 71 times
  • The average score is 18 of 21
Answer Stats
Capital Country % Correct
Cairo Egypt
98%
Beirut Lebanon
97%
Kuwait City Kuwait
95%
Algiers Algeria
94%
Tunis Tunisia
94%
Doha Qatar
92%
Riyadh Saudi Arabia
92%
Damascus Syria
92%
Baghdad Iraq
90%
Amman Jordan
90%
Muscat Oman
90%
Abu Dhabi United Arab Emirates
90%
Tripoli Libya
89%
Djibouti Djibouti
85%
Rabat Morocco
85%
Jerusalem Palestine
82%
Mogadishu Somalia
81%
Sana'a Yemen
81%
Khartoum Sudan
79%
Manama Bahrain
68%
Nouakchott Mauritania
68%
No matching quizzes found
Score Distribution
Percent of People with Each Score
Percentile by Number Answered
Your Score History
You have not taken this quiz